[Event "Zagreb op-A"]
[Site "Zagreb"]
[Date "2012.03.06"]
[Round "2"]
[White "Bosiocic, Marin"]
[Black "Urukalovic, Roman"]
[Result "1-0"]
[WhiteElo "2562"]
[BlackElo "2246"]
[PlyCount "65"]
[EventDate "2012.03.05"]
[EventType "swiss"]
[EventRounds "9"]
[EventCountry "CRO"]
[SourceTitle "CBM 147 Extra"]
[Source "ChessBase"]
[SourceDate "2012.04.24"]
[SourceVersion "1"]
[SourceVersionDate "2012.04.24"]
[SourceQuality "1"]

1. d4 Nf6 2. c4 c5 3. d5 e6 4. Nc3 exd5 5. cxd5 d6 6. Nf3 g6 7. Bf4 a6 8. Nd2 Nbd7 9. e4 Nh5 10. Be3 b5 11. Be2 Ng7 12. 0-0 Be7 13. a4 b4 14. Ncb1 0-0 15. Nc4 f5 16. f3 f4 17. Bf2 a5 18. Nbd2 Ba6 19. Re1 Kh8 20. Rc1 Bb7 21. Nb3 Ba6 22. Nbxa5 Bxc4 23. Nxc4 Nb6 24. Nxb6 Qxb6 25. Bb5 Bf6 26. e5 Be7 27. Qc2 dxe5 28. Rxe5 Nf5 29. Bc6 Ra5 30. Rxe7 Nxe7 31. Bxc5 Qd8 32. Bxb4 Ra7 33. Qc5 1-0

[Event "Zagreb op-A"]
[Site "Zagreb"]
[Date "2012.03.05"]
[Round "1"]
[White "Urukalovic, Roman"]
[Black "Fercec, Nenad"]
[Result "0-1"]
[WhiteElo "2246"]
[BlackElo "2466"]
[PlyCount "68"]
[EventDate "2012.03.05"]
[EventType "swiss"]
[EventRounds "9"]
[EventCountry "CRO"]
[SourceTitle "CBM 147 Extra"]
[Source "ChessBase"]
[SourceDate "2012.04.24"]
[SourceVersion "1"]
[SourceVersionDate "2012.04.24"]
[SourceQuality "1"]

1. e4 c5 2. Nf3 d6 3. d4 cxd4 4. Nxd4 Nf6 5. Nc3 a6 6. Be3 e5 7. Nb3 Be6 8. Qd2 Be7 9. 0-0-0 0-0 10. f4 Ng4 11. g3 Nxe3 12. Qxe3 Nd7 13. Kb1 b5 14. f5 Bc4 15. Bxc4 bxc4 16. Nc1 Rb8 17. N1e2 Bg5 18. Qf2 Nc5 19. Qxc5 dxc5 20. Rxd8 Rfxd8 21. Nd5 Rb7 22. h4 Bd2 23. Rd1 Rdb8 24. b3 Ba5 25. Ne3 cxb3 26. axb3 Rd8 27. Rd5 Rxd5 28. exd5 h5 29. g4 hxg4 30. Nxg4 c4 31. Ne3 cxb3 32. c4 Rc7 33. d6 Rc6 34. Ng3 Rxd6 0-1

[Event "Bosnjaci op 17th"]
[Site "Bosnjaci"]
[Date "2012.01.06"]
[Round "5"]
[White "Urukalovic, Roman"]
[Black "Petrusic, Toni"]
[Result "1/2-1/2"]
[WhiteElo "2250"]
[BlackElo "2215"]
[PlyCount "56"]
[EventDate "2012.01.03"]
[EventType "swiss"]
[EventRounds "9"]
[EventCountry "CRO"]
[SourceTitle "CBM 146 Extra"]
[Source "ChessBase"]
[SourceDate "2012.02.29"]
[SourceVersion "1"]
[SourceVersionDate "2012.02.29"]
[SourceQuality "1"]

1. e4 e6 2. d4 d5 3. Nd2 Nf6 4. e5 Nfd7 5. Bd3 c5 6. c3 Nc6 7. Ne2 cxd4 8. cxd4 f6 9. exf6 Nxf6 10. 0-0 Bd6 11. Nf3 Qc7 12. Bg5 0-0 13. Rc1 Ng4 14. Ng3 h6 15. Bd2 Qb6 16. Bc3 Bd7 17. Bb1 Ne7 18. Nh4 Nf6 19. Re1 Rae8 20. Qd3 Qd8 21. Bd2 Nf5 22. Nhxf5 exf5 23. Nxf5 Rxe1+ 24. Rxe1 Bxh2+ 25. Kxh2 Ng4+ 26. Kg1 Bxf5 27. Qg3 Bxb1 28. Qxg4 Qf6 1/2-1/2

[Event "CRO-chT2 Center"]
[Site "Zagreb"]
[Date "2010.10.17"]
[Round "9.51"]
[White "Urukalovic, Roman"]
[Black "Tesic, Dragan"]
[Result "1/2-1/2"]
[WhiteElo "2260"]
[BlackElo "2364"]
[PlyCount "45"]
[EventDate "2010.03.21"]
[EventType "team-tourn"]
[EventRounds "11"]
[EventCountry "CRO"]
[SourceTitle "EXT 2012"]
[Source "ChessBase"]
[SourceDate "2011.11.24"]
[SourceVersion "1"]
[SourceVersionDate "2011.11.24"]
[SourceQuality "1"]

1. e4 c5 2. Nf3 e6 3. d4 cxd4 4. Nxd4 Nc6 5. Nc3 a6 6. Nxc6 bxc6 7. Bd3 d5 8. 0-0 Nf6 9. Re1 Be7 10. Bf4 0-0 11. Qf3 g6 12. h3 Nd7 13. Na4 Nb6 14. Nxb6 Qxb6 15. b3 Bb7 16. Be5 f6 17. Bb2 e5 18. exd5 cxd5 19. Qg3 e4 20. Bf1 Bd6 21. Qh4 Rac8 22. c4 dxc4 23. Bxc4+ 1/2-1/2

[Event "CRO-chT2b"]
[Site "Croatia"]
[Date "2009.03.08"]
[Round "4"]
[White "Urukalovic, Roman"]
[Black "Machata, Martin"]
[Result "1/2-1/2"]
[WhiteElo "2250"]
[BlackElo "2195"]
[PlyCount "64"]
[EventDate "2009.03.01"]
[EventType "team-tourn"]
[EventRounds "11"]
[EventCountry "CRO"]
[SourceTitle "EXT 2010"]
[Source "ChessBase"]
[SourceDate "2010.11.25"]
[SourceVersion "1"]
[SourceVersionDate "2010.11.25"]
[SourceQuality "1"]

1. e4 d5 2. exd5 Nf6 3. Nf3 Nxd5 4. d4 g6 5. c4 Nb6 6. Nc3 Bg7 7. c5 Nd5 8. Bc4 c6 9. h3 0-0 10. 0-0 b6 11. cxb6 axb6 12. Bg5 Nxc3 13. bxc3 Qd6 14. Re1 e6 15. Qd2 Nd7 16. Bf4 Qa3 17. Ne5 Nxe5 18. Bxe5 Ba6 19. Bb3 Rac8 20. Bxg7 Kxg7 21. Re5 Qe7 22. Rae1 Qf6 23. Qe3 Rfe8 24. g3 Re7 25. Re4 Kg8 26. h4 Bb7 27. Rf4 Qg7 28. Qe2 Rcc7 29. Re4 Qf6 30. Rf4 Qg7 31. Re4 Qf6 32. Rf4 Qg7 1/2-1/2

[Event "Zadar op 15th"]
[Site "Zadar"]
[Date "2008.12.15"]
[Round "3"]
[White "Feletar, Darko"]
[Black "Urukalovic, Roman"]
[Result "1/2-1/2"]
[WhiteElo "2374"]
[BlackElo "2273"]
[PlyCount "99"]
[EventDate "2008.12.14"]
[EventType "swiss"]
[EventRounds "9"]
[EventCountry "CRO"]
[SourceTitle "CBM 127 Extra"]
[Source "ChessBase"]
[SourceDate "2009.01.08"]
[SourceVersion "2"]
[SourceVersionDate "2009.01.28"]
[SourceQuality "1"]

1. Nf3 Nf6 2. c4 c5 3. Nc3 b6 4. e3 g6 5. d4 Bg7 6. d5 d6 7. Bd3 0-0 8. e4 e5 9. dxe6 Bxe6 10. h3 Nc6 11. 0-0 Ne5 12. Nxe5 dxe5 13. Nd5 Bxd5 14. cxd5 c4 15. Bc2 Qd6 16. b3 cxb3 17. axb3 Rfc8 18. Bd3 a5 19. Re1 Nd7 20. Bb5 Nc5 21. Ba3 Bf8 22. Bc6 Ra7 23. b4 axb4 24. Bxb4 Qb8 25. Bc3 Bd6 26. Qc2 Rcc7 27. Rab1 Ra6 28. Bxe5 Bxe5 29. Qxc5 bxc5 30. Rxb8+ Kg7 31. Rbb1 Ra2 32. Kf1 c4 33. Re2 Rca7 34. Rc1 c3 35. Bb5 Rb2 36. Bd3 Raa2 37. Rcc2 Ra1+ 38. Re1 Raa2 39. Rxb2 cxb2 40. Bb1 Ra3 41. Ke2 Kf6 42. g3 g5 43. Rd1 Ke7 44. Bd3 Kd6 45. Rf1 Kc5 46. Bb1 Bd4 47. Rd1 Be5 48. Bc2 Rc3 49. Bb1 Ra3 50. Bc2 1/2-1/2

[Event "Velika Gorica op 8th"]
[Site "Velika Gorica"]
[Date "2008.08.30"]
[Round "9"]
[White "Urukalovic, Roman"]
[Black "Krstic, Uros"]
[Result "0-1"]
[WhiteElo "2276"]
[BlackElo "2367"]
[PlyCount "82"]
[EventDate "2008.08.23"]
[EventType "swiss"]
[EventRounds "9"]
[EventCountry "CRO"]
[SourceTitle "CBM 126 Extra"]
[Source "ChessBase"]
[SourceDate "2008.11.05"]
[SourceVersion "1"]
[SourceVersionDate "2008.11.05"]
[SourceQuality "1"]

1. e4 e5 2. Nf3 Nc6 3. Bb5 Bc5 4. 0-0 Qf6 5. c3 Nge7 6. Re1 h6 7. d4 Bb6 8. Na3 0-0 9. Nc4 d6 10. Nxb6 axb6 11. h3 Ng6 12. dxe5 dxe5 13. Nh2 Be6 14. Ng4 Qh4 15. a3 Na5 16. Bf1 Nb3 17. g3 Qe7 18. Rb1 Rfd8 19. Qe2 Qd7 20. Be3 Qc6 21. Qb5 Qxb5 22. Bxb5 h5 23. Nh2 Bxh3 24. Bg5 Rd6 25. Rbd1 Rxd1 26. Rxd1 Nf8 27. Be7 Be6 28. Rd8 Rxd8 29. Bxd8 c6 30. Be2 Nd7 31. Nf1 g6 32. Bd1 Kf8 33. Bg5 Nbc5 34. Bc2 Bb3 35. Bb1 Na4 36. Bc1 Ndc5 37. Ne3 b5 38. Kf1 Ke7 39. f4 exf4 40. gxf4 Bc4+ 41. Ke1 Bd3 0-1

[Event "Velika Gorica op 8th"]
[Site "Velika Gorica"]
[Date "2008.08.26"]
[Round "5"]
[White "Urukalovic, Roman"]
[Black "Ivekovic, Zvonimir"]
[Result "0-1"]
[WhiteElo "2276"]
[BlackElo "2177"]
[PlyCount "60"]
[EventDate "2008.08.23"]
[EventType "swiss"]
[EventRounds "9"]
[EventCountry "CRO"]
[SourceTitle "CBM 126 Extra"]
[Source "ChessBase"]
[SourceDate "2008.11.05"]
[SourceVersion "1"]
[SourceVersionDate "2008.11.05"]
[SourceQuality "1"]

1. e4 c5 2. Nf3 d6 3. d4 cxd4 4. Nxd4 Nf6 5. Nc3 a6 6. f3 e5 7. Nb3 Be6 8. Be3 Be7 9. Qd2 0-0 10. 0-0-0 a5 11. Qe1 Qc8 12. a4 Na6 13. Kb1 Nb4 14. g4 Ne8 15. h4 b5 16. Qf2 bxa4 17. Nxa4 Qc6 18. Nc3 Nc7 19. Bb6 Rfb8 20. Bxc7 Qxc7 21. Bb5 Qb7 22. Ba4 Na6 23. Nd5 Bd8 24. c3 Bd7 25. Bxd7 Qxd7 26. Nc1 Nc5 27. Na2 Rb3 28. g5 Rab8 29. Qxc5 Rxb2+ 30. Ka1 Qa4 0-1

[Event "Velika Gorica op 8th"]
[Site "Velika Gorica"]
[Date "2008.08.23"]
[Round "1"]
[White "Urukalovic, Roman"]
[Black "Cesmadziski, Tin"]
[Result "1-0"]
[WhiteElo "2276"]
[BlackElo "1973"]
[PlyCount "120"]
[EventDate "2008.08.23"]
[EventType "swiss"]
[EventRounds "9"]
[EventCountry "CRO"]
[SourceTitle "CBM 126 Extra"]
[Source "ChessBase"]
[SourceDate "2008.11.05"]
[SourceVersion "1"]
[SourceVersionDate "2008.11.05"]
[SourceQuality "1"]

1. e4 e5 2. Nf3 Nc6 3. Bb5 Nf6 4. d3 Ne7 5. c3 Ng6 6. 0-0 c6 7. Ba4 Be7 8. Re1 d6 9. h3 0-0 10. d4 Be6 11. Nbd2 Qc7 12. Nf1 Rad8 13. Ng3 Rfe8 14. Nf5 Bf8 15. Bg5 Kh8 16. Bc2 a6 17. Nh2 Be7 18. Nxe7 Qxe7 19. Qf3 h6 20. Bd2 c5 21. d5 Bc8 22. Nf1 Nh7 23. Ne3 Qf6 24. Qxf6 Nxf6 25. c4 b6 26. b4 Bd7 27. bxc5 bxc5 28. Rab1 Rb8 29. Ba5 Rec8 30. Rxb8 Rxb8 31. Bc7 Rb2 32. Bxd6 Rxa2 33. Bxc5 Ba4 34. Bxa4 Nxe4 35. d6 Nxc5 36. d7 Rd2 37. Nd5 Ne6 38. Rb1 Kh7 39. Rb8 Rd4 40. Re8 Rxc4 41. Rxe6 fxe6 42. d8Q Rxa4 43. Ne7 Nxe7 44. Qxe7 Rf4 45. Qa3 Rf6 46. Qxa6 Kg6 47. Qd3+ Kf7 48. Qd6 Rf5 49. Qd7+ Kf6 50. Qe8 Rf4 51. Qf8+ Kg6 52. Qe7 Rf6 53. Qd6 Kf5 54. Kf1 Kg6 55. Qxe5 Kf7 56. Ke2 Kg6 57. g4 Kf7 58. f4 Kg6 59. h4 Kf7 60. Ke3 Kg6 1-0

[Event "Benidorm op U2300 05th"]
[Site "Benidorm"]
[Date "2006.12.08"]
[Round "8"]
[White "Estrada Martinez, Cesar"]
[Black "Urukalovic, Roman"]
[Result "0-1"]
[WhiteElo "2167"]
[BlackElo "2289"]
[PlyCount "61"]
[EventDate "2006.12.01"]
[EventType "swiss"]
[EventRounds "9"]
[EventCountry "ESP"]
[SourceTitle "CBM 115 Extra"]
[Source "ChessBase"]
[SourceDate "2007.01.10"]
[SourceVersion "1"]
[SourceVersionDate "2007.01.10"]
[SourceQuality "1"]

1. Nf3 Nf6 2. c4 g6 3. d4 Bg7 4. Nc3 0-0 5. g3 c5 6. d5 d6 7. Bg2 e6 8. 0-0 exd5 9. Nxd5 Nxd5 10. Qxd5 Nc6 11. Bg5 Qb6 12. Qxd6 Qxb2 13. e4 Qc2 14. Rac1 Qxe4 15. Qxc5 Qe2 16. a4 Qa2 17. Bf4 Qxa4 18. Ne5 Qa5 19. Qxa5 Nxa5 20. Nd3 Be6 21. c5 Rac8 22. Bd6 Rfd8 23. Nf4 Bc4 24. Rfe1 Bf8 25. Bxf8 Rxf8 26. Re5 b5 27. Bh3 Rc7 28. Bf1 Bxf1 29. Rxf1 Nc4 30. Re2 Rxc5 31. Ra2 0-1

[Event "Zadar op"]
[Site "Zadar"]
[Date "2004.12.19"]
[Round "9"]
[White "Urukalovic, Roman"]
[Black "Mihalj, M Miroslav"]
[Result "1/2-1/2"]
[WhiteElo "2193"]
[BlackElo "2294"]
[PlyCount "51"]
[EventDate "2004.12.13"]
[EventType "swiss"]
[EventRounds "9"]
[EventCountry "CRO"]
[SourceTitle "CBM 103 Extra"]
[Source "ChessBase"]
[SourceDate "2005.01.01"]
[SourceVersion "1"]
[SourceVersionDate "2005.01.01"]
[SourceQuality "1"]

1. d4 Nf6 2. c4 g6 3. Nc3 d5 4. cxd5 Nxd5 5. Bd2 Bg7 6. e4 Nb6 7. Be3 Nc6 8. d5 Ne5 9. Bd4 0-0 10. f4 Ng4 11. Bxg7 Kxg7 12. Be2 e5 13. fxe5 Nxe5 14. Nf3 Nxf3+ 15. Bxf3 Qh4+ 16. g3 Qf6 17. 0-0 Qe5 18. Rf2 Bd7 19. Bg4 Rae8 20. Bxd7 Nxd7 21. Qa4 Nc5 22. Qxa7 b6 23. Raf1 Re7 24. Qa3 Nxe4 25. Nxe4 Qxe4 26. d6 1/2-1/2

[Event "Zadar op"]
[Site "Zadar"]
[Date "2004.12.18"]
[Round "8"]
[White "Biti, Ozren"]
[Black "Urukalovic, Roman"]
[Result "1/2-1/2"]
[WhiteElo "2345"]
[BlackElo "2193"]
[PlyCount "44"]
[EventDate "2004.12.13"]
[EventType "swiss"]
[EventRounds "9"]
[EventCountry "CRO"]
[SourceTitle "CBM 103 Extra"]
[Source "ChessBase"]
[SourceDate "2005.01.01"]
[SourceVersion "1"]
[SourceVersionDate "2005.01.01"]
[SourceQuality "1"]

1. e4 c5 2. Nc3 e6 3. Nge2 Nc6 4. g3 Nf6 5. Bg2 d5 6. exd5 exd5 7. d3 d4 8. Ne4 Nxe4 9. Bxe4 Bd6 10. Nf4 0-0 11. 0-0 Re8 12. Nd5 Be6 13. Qh5 g6 14. Qg5 Be5 15. Qxd8 Raxd8 16. Nf4 Bc8 17. Bd2 Kg7 18. a3 Bxf4 19. Bxf4 Be6 20. Rfe1 Bd5 21. Bxd5 Rxe1+ 22. Rxe1 Rxd5 1/2-1/2

[Event "CRO-ch"]
[Site "Zagreb"]
[Date "2002.12.01"]
[Round "9"]
[White "Doric, Nenad"]
[Black "Urukalovic, Roman"]
[Result "1-0"]
[WhiteElo "2406"]
[BlackElo "2187"]
[PlyCount "77"]
[EventDate "2002.11.24"]
[EventType "swiss"]
[EventRounds "9"]
[EventCountry "CRO"]
[SourceTitle "CBM 091 Extra"]
[Source "ChessBase"]
[SourceDate "2003.01.09"]
[SourceVersion "1"]
[SourceVersionDate "2003.01.09"]
[SourceQuality "1"]

1. d4 Nf6 2. Nf3 g6 3. Nc3 c5 4. d5 d6 5. e4 Bg7 6. Bb5+ Bd7 7. a4 0-0 8. 0-0 Bg4 9. h3 Bxf3 10. Qxf3 Na6 11. Qd3 Nc7 12. Bc4 Nd7 13. f4 Rb8 14. Bd2 Qc8 15. Rae1 a6 16. a5 b5 17. axb6 Rxb6 18. b3 Rb8 19. Ra1 Rb6 20. Ra5 e5 21. f5 h6 22. Na4 Rb7 23. Bxa6 Nxa6 24. Rxa6 Qb8 25. Nb2 Rb6 26. Rxb6 Qxb6 27. Nc4 Qc7 28. Qf3 Kh7 29. Ra1 Rd8 30. Ra6 Nb8 31. Ba5 Qb7 32. Rxd6 Rxd6 33. Nxd6 Qd7 34. Nc4 h5 35. Bc3 f6 36. Qf1 Bf8 37. Ne3 g5 38. Qa1 Qb7 39. Qa4 1-0